000 01597nam a2200409 c 4500
999 _c131450
_d131450
003 BLK
005 20250114180450.0
008 180409b bul|||||r ||||||| ||bul||
010 _aKNG00137267000
020 _a978-954-431-879-6
040 _aBLK
041 _aBUL
_cBUL
072 7 _2bullib
_aН85
_xДетска художествена литература Н
080 _aБългарска литература
_b821.163.2
_x-93-1
_z821.163.2-93-1
139 _aПопова, Савина
_bП 76
245 1 0 _aНаводнение в гората
_cстихове Савина Попова; худож. Галин Георгиев; худож. Светлана Ангелова Князева.
257 _aBGR
260 _bЗлатното пате
_c2012
300 _a10 с.
_bс цв. ил.
_c24 см
380 _aDX
490 _aПоредица Горски новини
_9206411
500 _aКор. загл.
653 _aстихотворения за деца
653 _aлитература за деца
653 _aдетска литература
659 _aН
700 1 _aПопова, Савина
_eстихове
_9322723
700 1 _aГеоргиев, Галин
_eхудож.
_9367583
700 1 _aКнязева, Светлана Ангелова
_eхудож.
_9367584
852 _aЦб 257440
856 4 _qpdf
856 4 _qpdf
942 _cKNG
_n0
_032
_s1
944 _aCR
_c13.12.2012
_lБояна Костадинова
_k30551
944 _aED
_c05.02.2018
_lф /
_kВиолета_Тройчева
999 _d131450